000 00500nam a2200169Ia 4500
003 IN-BaIIA
008 211028s9999 xx 000 0 eng d
040 _cIIA Library
080 _a655.5
_bSHA
245 0 _aDirectory of book trade in India
_cedited by Jai Kishore Sharma
260 _aNew Delhi
_bNational Guide Books Syndicate
_c1973
300 _a647p.
650 _aAstronomy and Astrophysics Thesaurus
650 _aBook Trade
_97753
700 _aSharma, Jai Kishore., ed.
_97754
942 _cBK
999 _c4441
_d4441